Des mots terminant en I - Statistiques

Statistiques générales
  • Ce quiz a été pris 87 fois
  • Le résultat moyen est 79 sur 185
Statistiques - réponses
Définition
Nbre de
lettres
Initiale Mot % Correct
Allié 3 A Ami
98%
Croyance 3 F Foi
98%
Régle 3 L Loi
98%
Mois 3 M Mai
96%
Refuge 4 A Abri
94%
Note 2 Mi
94%
Souverain 3 R Roi
94%
Trait de lumière 3 R Rai
92%
Lettre grecque 2 Pi
90%
Pomme 3 A Api
88%
Refus 4 D Déni
88%
Fin de tige 3 E Epi
88%
Son puissant 3 C Cri
85%
Fruit 4 K Kiwi
85%
Epoux 4 M Mari
85%
Grand-père 4 P Papi
85%
Urine 4 P Pipi
85%
12 heures 4 M Midi
83%
Plante parasite 3 G Gui
81%
Rangement 3 T Tri
81%
Fruit 4 K Kaki
79%
Poème 3 L Lai
79%
Lettre grecque 3 P Phi
79%
Sexe 4 Z Zizi
79%
Coiffe 4 K Képi
77%
Courrier 3 P Pli
77%
Sport 3 S Ski
75%
N'a pas de fin 6 I Infini
73%
Lettre grecque 3 K Khi
73%
Jour 5 L Lundi
73%
Jour 5 M Mardi
73%
Mort vivant 5 Z Zombi
73%
Instrument de nettoyage 5 B Balai
71%
Jour 5 J Jeudi
71%
Mesure 2 Li
71%
Jour 8 M Mercredi
71%
Rivage 4 Q Quai
71%
Met japonais 5 S Sushi
71%
Riz 7 B Basmati
69%
Vélo 2 Bi
69%
Maillot de bain 6 B Bikini
69%
Jour 6 S Samedi
69%
Jour 8 V Vendredi
69%
Paresseux 2 Ai
67%
Couleur 3 B Bai
67%
Tentative 5 E Essai
67%
Lettre grecque 3 P Psi
67%
Morceau de viande 4 R Rôti
67%
Qui a changé de religion 8 C Converti
65%
Bain bouillonnant 7 J Jacuzzi
63%
Pâtes 8 M Macaroni
63%
Ceinture 3 O Obi
63%
Ce jour 10 A Aujourd'hui
60%
Licenciement 6 R Renvoi
60%
Lettre grecque 2 Xi
60%
Peur 6 E Effroi
58%
Adversaire 6 E Ennemi
58%
Préféré 6 F Favori
58%
Fruit 6 L Litchi
58%
Grâce 5 M Merci
58%
Manquement 5 O Oubli
58%
Parisien 4 T Titi
58%
Provocation 4 D Défi
56%
Embêtement 5 E Ennui
56%
Oiseau 4 G Geai
56%
Transport 4 T Taxi
56%
Petit de la chèvre 5 C Cabri
54%
Jeu 4 R Rami
54%
Femme du raja 4 R Rani
54%
Considération extravagante 2 Si
54%
Voile 3 S Spi
54%
Déguisé 8 T Travesti
54%
Langue 5 H Hindi
52%
Tente 4 T Tipi
52%
Imbécile 6 A Abruti
50%
Mélange de céréales 6 M Muesli
50%
Pli double 5 R Repli
50%
Scalpel 8 B Bistouri
48%
Expédition 5 E Envoi
48%
Protection 4 E Etui
48%
Chemin abrégé 9 R Raccourci
48%
Légume 6 C Céleri
46%
Ours 7 G Grizzli
46%
Pliage 7 O Origami
46%
Ennui 5 S Souci
46%
Pâtes 9 S Spaghetti
46%
Sauce 5 A Aioli
44%
Table de travail 6 E Etabli
44%
Vêtement 4 S Sari
44%
Pour friser 7 B Bigoudi
42%
Petite crêpe 5 B Blini
42%
Agitation 4 E Emoi
42%
Eau de vie 4 R Raki
42%
Pâtes 10 T Tortellini
42%
Soutien 5 A Appui
40%
Pâtes 10 C Cannelloni
40%
Revêtement mural 5 C Crépi
40%
Jeu 4 P Pari
40%
Film lent 7 R Ralenti
40%
Dessin ou écriture 8 G Graffiti
38%
Juron 8 S Sapristi
38%
Ancien esclave 9 A Affranchi
35%
Lémurien 4 M Maki
35%
Mouton rôti 7 M Méchoui
35%
Met japonais 7 S Sashimi
35%
Tapis 6 T Tatami
35%
Migou 4 Y Yéti
35%
Légume 7 B Brocoli
33%
Apéritif 7 M Martini
33%
Pates 7 R Ravioli
33%
Excuse 5 A Alibi
31%
Débutant 8 A Apprenti
31%
Oiseau 6 C Canari
31%
Singe 8 O Ouistiti
31%
Photographe 9 P Paparazzi
31%
Cloison 5 P Paroi
31%
Travail 6 E Emploi
29%
Cochonnaille 6 S Salami
29%
Hindouiste 4 Y Yogi
29%
Tour communale 7 B Beffroi
27%
Parcelles de papier 8 C Confetti
27%
Prolongation 5 D Délai
27%
Renfort 4 E Etai
27%
Oiseau 4 L Lori
27%
Union de personnes 5 P Parti
27%
Ensemble de véhicules 6 C Convoi
25%
Jeu 6 J Jokari
25%
Etoffe 7 O Organdi
25%
Valeur approchée 7 A Arrondi
23%
Sucre 5 C Candi
23%
Joute 7 T Tournoi
23%
Alcool 6 G Génépi
21%
Fin de chasse 7 H Hallali
21%
Echafaud 6 P Pilori
21%
Impression 8 R Ressenti
21%
Cocktail 8 D Daïquiri
19%
Soldat 5 S Spahi
19%
Faux poisson 6 S Surimi
19%
Recoin 6 C Cagibi
17%
Desespoir 8 D Désarroi
17%
Dromadaire 6 M Méhari
17%
Chat 8 M Mistigri
17%
Cochon sauvage 6 P Pécari
17%
Pré timbré 12 P Préaffranchi
17%
Singe 4 S Saki
17%
Danse 7 S Sirtaki
17%
Musulman 5 S Soufi
17%
Cave 4 C Chai
15%
Chahut 9 C Charivari
15%
Chasse 6 S Safari
15%
Qualité requise 4 A Aloi
13%
Beignet 6 C Chichi
13%
Bazar 6 F Fourbi
13%
Péage 6 O Octroi
13%
Observation 5 S Suivi
13%
Contenu d'un char 7 C Charroi
10%
Vin 7 C Chianti
10%
Parfum 9 P Patchouli
10%
Epice 5 C Carvi
8%
Réutilisation 7 R Remploi
8%
Langoustine 6 S Scampi
8%
Substance basique 6 A Alcali
6%
Dénégation 7 D Démenti
6%
Logement 5 G Garni
6%
Aliment 7 G Gnocchi
6%
Hutte 6 G Gourbi
6%
Cheval 8 P Palefroi
6%
Recours 7 P Pourvoi
6%
Renforcement 7 R Remblai
6%
Combattant 8 S Sumotori
6%
Officier royal 6 B Bailli
4%
Roche 7 M Minerai
4%
Fleur 7 M Muscari
4%
Salaison 9 P Pepperoni
4%
Quadrupède 6 A Agouti
2%
Mammifère 5 C Coati
2%
Terre 6 D Déblai
2%
Mélange confus 14 E Embrouillamini
2%
Musicien 8 M Mariachi
2%
Désordre 6 R Rififi
2%
Oiseau 7 B Bengali
0%
Religieux 5 M Mufti
0%
Modification 7 R Repenti
0%
Chien 7 S Sloughi
0%
Poème 7 V Virelai
0%
Aucun quiz correspondant
Distribution des résultats
% des personnes avec chaque résultat
Percentile par nombre de réponses
Votre historique - résultats
Vous n’avez pas pris ce quiz